Металлоорганический катализ в процессах полимеризации / (Record no. 38909)
[ view plain ]
| 000 -LEADER | |
|---|---|
| fixed length control field | 01063nam a2200253 a 4500 |
| 001 - CONTROL NUMBER | |
| control field | 000118684 |
| 003 - CONTROL NUMBER IDENTIFIER | |
| control field | AM-YEHGA |
| 005 - DATE AND TIME OF LATEST TRANSACTION | |
| control field | 20250617122519.0 |
| 008 - FIXED-LENGTH DATA ELEMENTS--GENERAL INFORMATION | |
| fixed length control field | 000207s1985 ru ||||gr|||||||||0|rus|d |
| 040 ## - CATALOGING SOURCE | |
| Original cataloging agency | AM-YeHGA |
| 041 0# - LANGUAGE CODE | |
| Language code of text/sound track or separate title | rus |
| 090 ## - LOCALLY ASSIGNED LC-TYPE CALL NUMBER (OCLC); LOCAL CALL NUMBER (RLIN) | |
| -- | 39537 |
| 100 1# - MAIN ENTRY--PERSONAL NAME | |
| Personal name | Долгоплоск, Борис Александрович |
| 245 10 - TITLE STATEMENT | |
| Title | Металлоорганический катализ в процессах полимеризации / |
| Statement of responsibility, etc. | Б.А. Долгоплоск, Е.И. Тинякова ; Отв. ред. Н.М. Эмануэль. |
| 250 ## - EDITION STATEMENT | |
| Edition statement | 2-е, испр. и доп. |
| 260 ## - PUBLICATION, DISTRIBUTION, ETC. | |
| Place of publication, distribution, etc. | Москва : |
| Name of publisher, distributor, etc. | Наука, |
| Date of publication, distribution, etc. | 1985. |
| 300 ## - PHYSICAL DESCRIPTION | |
| Extent | 536 с. |
| 550 ## - ISSUING BODY NOTE | |
| Issuing body note | АН СССР ; Ин-т нефтехимического синтеза им. А.В. Топчиева |
| 650 14 - SUBJECT ADDED ENTRY--TOPICAL TERM | |
| Topical term or geographic name entry element | Полимеризация |
| 700 1# - ADDED ENTRY--PERSONAL NAME | |
| Personal name | Тинякова, Елена Ивановна |
| 700 1# - ADDED ENTRY--PERSONAL NAME | |
| Personal name | Эмануэль, Н.М. |
| Relator term | ред. |
| Relationship | edt |
| 710 2# - ADDED ENTRY--CORPORATE NAME | |
| Corporate name or jurisdiction name as entry element | Ин-т нефтехимического синтеза им. А.В. Топчиева |
| 942 ## - ADDED ENTRY ELEMENTS (KOHA) | |
| Source of classification or shelving scheme | Universal Decimal Classification |
| Koha item type | Գրքեր / Books |
| Withdrawn status | Lost status | Source of classification or shelving scheme | Damaged status | Not for loan | Collection | Home library | Current library | Date acquired | Total checkouts | Full call number | Barcode | Date last seen | Price effective from | Koha item type | Public note |
|---|---|---|---|---|---|---|---|---|---|---|---|---|---|---|---|
| Universal Decimal Classification | General | Fundamental Scientific Library | Fundamental Scientific Library | 21/12/2016 | PII/538496 | FL0160399 | 21/12/2016 | 21/12/2016 | Գրքեր / Books | 30 Days Loan | |||||
| Universal Decimal Classification | General | Fundamental Scientific Library | Fundamental Scientific Library | 21/12/2016 | PII/534417 | FL0164745 | 21/12/2016 | 21/12/2016 | Գրքեր / Books | 30 Days Loan | |||||
| Universal Decimal Classification | General | Fundamental Scientific Library | Fundamental Scientific Library | 21/12/2016 | PII/561938 | FL0121809 | 21/12/2016 | 21/12/2016 | Գրքեր / Books | 30 Days Loan |
ՀՀ Գիտությունների ազգային ակադեմիայի հիմնարար գիտական գրադարան = Fundamental Scientific Library of NAS RA
All site content, except where otherwise noted, is licensed under a